Detalles MARC
| 000 -LEADER |
| campo de control de longitud fija |
02130cam a22004574i 4500 |
| 003 - IDENTIFICADOR DE NÚMERO DE CONTROL |
| campo de control |
PE-LiUPU |
| 005 - FECHA Y HORA DE LA ÚLTIMA TRANSACCIÓN |
| campo de control |
20250731165411.0 |
| 008 - DATOS DE LONGITUD FIJA--INFORMACIÓN GENERAL |
| campo de control de longitud fija |
151022s2013 pe a grm 000 0 spa d |
| 035 ## - NÚMERO DE CONTROL DEL SISTEMA |
| Número de control de sistema |
(Sirsi) a155038 |
| 040 ## - FUENTE DE CATALOGACIÓN |
| Centro catalogador/agencia de origen |
PE-LiUPU |
| Lengua de catalogación |
spa |
| Centro/agencia transcriptor |
PE-LiUPU |
| Normas de descripción |
rda |
| 099 ## - TEXTO-LIBRO SIGNATURA TOPOGRÁFICA LOCAL (OCLC) |
| Número de clasificación |
TEF 2 |
| -- |
P59 2013 |
| 100 1# - ENTRADA PRINCIPAL--NOMBRE DE PERSONA |
| Nombre de persona |
Pineda Gallegos, Carlos Alberto |
| Término indicativo de función/relación |
autor |
| 245 1# - MENCIÓN DEL TÍTULO |
| Título |
Relación entre el nivel de conocimientos y la aplicación de la técnica de curación de la UPP del profesional de enfermería de la Clínica Geriátrica San Isidro Labrador y del Hospital Daniel Alcides Carrión octubre del 2012 - Enero del 2013 / |
| Mención de responsabilidad, etc. |
Carlos Alberto Pineda Gallegos. |
| 264 #0 - PRODUCCIÓN, PUBLICACIÓN, DISTRIBUCIÓN, FABRICACIÓN Y COPYRIGHT |
| Fecha de producción, publicación, distribución, fabricación o copyright |
2013. |
| 300 ## - DESCRIPCIÓN FÍSICA |
| Extensión |
125 hojas : |
| Otras características físicas |
ilustraciones; |
| Dimensiones |
30 cm |
| 336 ## - TIPO DE CONTENIDO |
| Término de tipo de contenido |
text |
| Fuente |
rdacontent |
| 337 ## - TIPO DE MEDIO |
| Nombre/término del tipo de medio |
unmediated |
| Fuente |
rdamedia |
| 338 ## - TIPO DE SOPORTE |
| Nombre/término del tipo de soporte |
volume |
| Fuente |
rdacarrier |
| 502 ## - NOTA DE TESIS |
| Nota de tesis |
Tesis |
| Tipo de título |
(Lic.) -- |
| Nombre de la institución que otorga el título |
Universidad Peruana Unión, |
| Año de obtención del título |
2013. |
| 504 ## - NOTA DE BIBLIOGRAFÍA, ETC. |
| Nota de bibliografía, etc. |
Incluye referencias |
| 520 3# - RESUMEN, ETC. |
| Sumario, etc. |
HDAC, frente a la aplicación de la técnica de curación de úlceras por presión, a pesar que ambos presentan un nivel de aplicación alta y satisfactoria, sin embargo no sobrepasa el promedio del nivel medio y bajo. -Se demuestra que existe relación estadística significativa entre las variables de estudio en los resultados del cuestionario de conocimientos sobre úlceras por presión y aplicación de la técnica de curación, en el caso de la Clínica Geriátrica San Isidro Labrador. Para el caso de los resultados del Hospital Daniel Alcides Carrión, no existe relación estadística significativa. |
| 526 ## - NOTA DE INFORMACIÓN SOBRE EL PROGRAMA DE ESTUDIO |
| Nombre del programa |
Segunda Especialidad En Estadística Aplicada Para Investigación (A Distancia) |
| 526 ## - NOTA DE INFORMACIÓN SOBRE EL PROGRAMA DE ESTUDIO |
| Nombre del programa |
Segunda Especialidad En Estadística Aplicada Para Investigación |
| 526 ## - NOTA DE INFORMACIÓN SOBRE EL PROGRAMA DE ESTUDIO |
| Nombre del programa |
Ingeniería De Ciberseguridad |
| 526 ## - NOTA DE INFORMACIÓN SOBRE EL PROGRAMA DE ESTUDIO |
| Nombre del programa |
Ingeniería De Ciencia De Datos E Inteligencia Artificial |
| 526 ## - NOTA DE INFORMACIÓN SOBRE EL PROGRAMA DE ESTUDIO |
| Nombre del programa |
Ingeniería De Software |
| 526 ## - NOTA DE INFORMACIÓN SOBRE EL PROGRAMA DE ESTUDIO |
| Nombre del programa |
|
| 526 ## - NOTA DE INFORMACIÓN SOBRE EL PROGRAMA DE ESTUDIO |
| Nombre del programa |
Comunicación Y Periodismo |
| 526 ## - NOTA DE INFORMACIÓN SOBRE EL PROGRAMA DE ESTUDIO |
| Nombre del programa |
Maestría En Ingeniería De Sistemas Con Mención En Dirección Y Gestión De Tecnologías De Información (Semipresencial) |
| 526 ## - NOTA DE INFORMACIÓN SOBRE EL PROGRAMA DE ESTUDIO |
| Nombre del programa |
Maestría En Ingeniería De Sistemas Con Mención En Dirección Y Gestión De Tecnologías De Información (A Distancia) |
| 526 ## - NOTA DE INFORMACIÓN SOBRE EL PROGRAMA DE ESTUDIO |
| Nombre del programa |
Doctorado en ingeniería de sistemas |
| 526 ## - NOTA DE INFORMACIÓN SOBRE EL PROGRAMA DE ESTUDIO |
| Nombre del programa |
Maestría en ingeniería de sistemas con mención en Ingeniería de software |
| 526 ## - NOTA DE INFORMACIÓN SOBRE EL PROGRAMA DE ESTUDIO |
| Nombre del programa |
Maestría en ingeniería de sistemas con mención en Dirección y gestión de tecnologías de información |
| 526 ## - NOTA DE INFORMACIÓN SOBRE EL PROGRAMA DE ESTUDIO |
| Nombre del programa |
Ingeniería de sistemas |
| 526 ## - NOTA DE INFORMACIÓN SOBRE EL PROGRAMA DE ESTUDIO |
| Nombre del programa |
Educación secundaria, especialidad matemática e informática |
| 596 ## - |
| -- |
1 |
| 650 04 - PUNTO DE ACCESO ADICIONAL DE MATERIA--TÉRMINO DE MATERIA |
| Término de materia o nombre geográfico como elemento de entrada |
Enfermeros |
| Subdivisión general |
Enfermería |
| 700 1# - ENTRADA AGREGADA--NOMBRE PERSONAL |
| Nombre de persona |
Vilca Arteaga, José Jeremy |
| Término indicativo de función/relación |
autor |
| 942 ## - ELEMENTOS DE ENTRADA SECUNDARIOS (KOHA) |
| Fuente del sistema de clasificación o colocación |
Clasificación Decimal Dewey |
| Tipo de ítem Koha |
Tesis |
| 999 ## - NÚMEROS DE CONTROL DE SISTEMA (KOHA) |
| -- |
ALPHANUM |
| -- |
T01362 |
| -- |
CCODEBUL3 |
| -- |
BUL |
| -- |
1 |
| -- |
Y |
| -- |
TESIS |
| -- |
2015-10-22 |
| -- |
SALUD |
| -- |
P22 |
| -- |
.STAFF. lTesis |
| 980 ## - EQUIVALENCIA O REFERENCIA-CRUZADA-MENCIÓN DE SERIE--NOMBRE DE PERSONA/TÍTULO [LOCAL, CANADÁ] |
| ID del último usuario que modificó el registro |
1 |
| Nombre del último usuario que modificó el registro |
ALBERTO SANCHEZ Responsable de Automatización |